| 000 | 00452nam a2200157Ia 4500 | ||
|---|---|---|---|
| 005 | 20250424120332.0 | ||
| 008 | 250424s9999 xx 000 0 und d | ||
| 022 | _a08939454 | ||
| 050 | _aHG 1 .R45/ | ||
| 245 | 4 | _aThe review of financial studies | |
| 260 | _bOxford University Press | ||
| 260 | _c2006 | ||
| 300 | _avolumes , 3195 p. : illustrations ; 23 cm. | ||
| 650 | _aFinance--Periodicals. Finance--United States--Periodicals. | ||
| 942 | _cSR | ||
| 999 |
_c38731 _d38731 |
||